My Favorite Teams - Statistics

General Stats
  • This quiz has been taken 14 times
  • The average score is 4 of 15
Answer Stats
Sport Colors Team % Correct
CFB Navy Blue, Maize Michigan
91%
Mens Basketball Navy Blue, Maize Michigan
91%
CFB (Cause Why Not) Red, White Indiana
45%
MLB Navy Blue, White Yankees
36%
Womens Basketball Green, Yellow Baylor
27%
Mens Basketball (Minus 3/23/25 &12/9/25) Orange, Blue Florida
27%
CFB Navy Blue, White UConn
27%
Mens Basketball Navy Blue, White UConn
27%
Womens Basketball Navy Blue, White UConn
27%
NFL Navy Blue, White Cowboys
18%
NHL Red, Black Hurricanes
9%
NBA Blue, Black Mav's
9%
NBA Navy Blue, Yellow Pacers
0%
MLB Blue, Red Rangers
0%
CFB Dark Red, White Texas A&M
0%
No matching quizzes found
Score Distribution
Percent of People with Each Score
Percentile by Number Answered
Your Score History
You have not taken this quiz